000 00371pab a2200157 454500
008 180718b2009 xxu||||| |||| 00| 0 eng d
100 _aSingh, Bir Pal
245 _aEconomy of the Tharu: the changing scenario
260 _c2009
300 _ap.251-63.
362 _aApr-Jun
650 _aTribes
773 _aEastern Anthropologist
908 _aN
909 _a85154
999 _c85154
_d85154